Stresové testovanie slovenského bankového sektora
Cieľ stresového testovania. Stresové testovanie devízového rizika. Prístup tvorby stresových scenárov. Stresové testovanie úrokového rizika. Scenáre pri stresovom testovaní kreditného rizika. Testovanie rizika likvidity. Obmedzenia stresového testovania.
Guardado en:
| Autor principal: | |
|---|---|
| Otros Autores: | |
| Formato: | Capítulo de libro |
| Lenguaje: | eslovaco |
| Materias: | |
| Etiquetas: |
Sin Etiquetas, Sea el primero en etiquetar este registro!
|
MARC
| LEADER | 00000naa$a2200000$$$4500 | ||
|---|---|---|---|
| 001 | 0041861 | ||
| 005 | 20231116082745.9 | ||
| 041 | 0 | |a slo | |
| 044 | |a SK | ||
| 245 | 1 | 0 | |a Stresové testovanie slovenského bankového sektora |c Pavol Jurča, Štefan Rychtárik |
| 520 | |a Cieľ stresového testovania. Stresové testovanie devízového rizika. Prístup tvorby stresových scenárov. Stresové testovanie úrokového rizika. Scenáre pri stresovom testovaní kreditného rizika. Testovanie rizika likvidity. Obmedzenia stresového testovania. | ||
| 610 | 2 | 0 | |a bankovníctvo |
| 610 | 2 | 0 | |a systémy informačné |
| 610 | 2 | 0 | |a analýzy |
| 610 | 2 | 0 | |a simulácia |
| 610 | 2 | 0 | |a riziko finančné |
| 610 | 2 | 0 | |a riziko likvidity |
| 610 | 2 | 0 | |a riziko kurzové |
| 610 | 2 | 0 | |a odhady |
| 610 | 2 | 0 | |a riziko úverové |
| 610 | 2 | 0 | |a cash flow |
| 100 | 1 | |a Jurča, Pavol | |
| 700 | 1 | |a Rychtárik, Štefan | |